000 00297nam a22001337a 4500
008 170714b xxu||||| |||| 00| 0 eng d
020 _a087161164X
041 _aeng
080 _a101
100 _a24
101 _aFIL
245 _aAN INTRODUCTION TO PHILOSOPHY
_cMARITAIN, J
942 _2udc
_cBK
999 _c20810
_d20810